000 00847nam a22002417a 4500
003 OSt
005 20230202111237.0
008 221006b |||||||| |||| 00| 0 eng d
040 _cBiblioteca Lado V
082 _a750.11
_bM977v
100 _9730
_aMurillo Landero, Andrés
_eautor
245 _aVida Caminata/
_bWalk of life/
260 _aMexico
_aColombia
_bEscuela de Arts Collaboratory
_c2022
300 _c18x24cm
_a51p.
650 0 _2Tesauro de Arte & Arquitectura
_aPINTURA
_9702
650 _2Tesauro de Arte & Arquitectura
_aLITERATURA
_9702
650 _2Tesauro de Arte & Arquitectura
_aEXHIBICION
650 _2Tesauro de Arte & Arquitectura
_aCATALOGO
700 _aMorales, Mario
_eeditor
700 _aOlguin Zapata, Jazael
_eeditor
700 _aBrito, Sandro
_eeditor
942 _2ddc
_c1
_h750.11
_iM977v
_n0
999 _c3038
_d3038